00998nam a2200241 a 4500008004100000020004400041040002500085041001300110044001100123080001600134100003500150245013900185250001300324260004900337300002800386500014800414700002400562700002800586700002400614958000600638999001700644952009500661951121s1989||||[C 0 slo c a8021800089c17 Kčs. q(18000 výtl.) aSNKbslocSNKeAACR21 aslohrus axocSK a141.82(081)1 aLenin, Vladimir Iľjič4aut10aZobrané spisy. /Zv./ 51bListy. Júl 1919-november 1920cVladimir Iľjič Lenin ; Igor Calpaš, Dana Matejovová, Oto Takáč a2., vyd. aBratislavabPravdac1989eBratislavafPravda a667 s., 28,44 AHc21 cm aLit. 38. Zozn. Pozn. Reg. lit. prác a prameňov. Men. a vec. reg. Biograf. údaje. o dokumentoch. Faksim. rkp. 387 zázn. v slov. a ruš.1 aCalpaš, Igor4trl1 aMatejovová, Dana4trl1 aTakáč, Oto4bkd aA c15466d15466 011040708Ka10000b10000d2019-11-29g17.00i14491oK 044r2019-11-29w2019-11-29yOLDO